| 000 | 00538nam a22001817a 4500 | ||
|---|---|---|---|
| 082 |
_aP-828 _cSyn-29 |
||
| 100 |
_aAsfandyar Khan _951571 |
||
| 245 | _aComparison of seismic performance of braced and unbraced frames | ||
| 260 |
_aRisalpur, _bMCE, _c2019. |
||
| 300 |
_a75p. _c30cm. |
||
| 526 |
_a0 _b0 _c0 _dP_828 |
||
| 700 |
_aAatesham Sibtain Satti _951572 |
||
| 700 |
_aMaj Dr Muhammad Rizwan _948119 |
||
| 700 |
_aMuhammad Ashfaq hussain _951573 |
||
| 700 |
_aNouman Afzal _951574 |
||
| 700 |
_aWali Khalid _951575 |
||
| 942 |
_2ddc _cBK |
||
| 999 |
_c554237 _d554237 |
||